000 00351 a2200169 4500
001 188334
020 _a85-249-0991-9
040 _cMagnum
100 _aRochael, Denise
240 1 0 _aSenhora rezadeira
_lpor
245 1 0 _aSenhora rezadeira
300 _a28
362 0 _a2004
440 1 _aCortez
697 _aLITERATURA INFANTO
942 _cBK
999 _c188334
_d188334